| 000 | 00569nam a2200181 a 4500 | ||
|---|---|---|---|
| 001 | 000004485 | ||
| 005 | 20240226140809.0 | ||
| 008 | 090723s2008 dr a 001 0 spa d | ||
| 020 | _a9789945161922 | ||
| 040 |
_aDO-SdBNP _bspa _cBNPHU |
||
| 082 |
_axxxx _bD919r |
||
| 100 | 1 |
_aDunker L., José, _d1943- _91027 |
|
| 245 | 1 | 3 |
_aLa religión como invento del hombre / _cJosé Dunker. |
| 260 |
_aSanto Domingo : _bSea, _c2008. |
||
| 300 |
_a85 p. : _bil. ; _c22 cm. |
||
| 500 | _aIncluye datos biográficos del autor en la contracubierta | ||
| 504 | _aBibliografías : p. 83-85 | ||
| 999 |
_c4294 _d4294 |
||